Malý zpěvníček lidových písní. [Sv.] 2

Další autoři: Ledečová, Dagmar, 1925-
Jazyk: Čeština
Vydáno: Praha : Státní hudební vydavatelství, 1963
Edice: Zpěvem k srdci
Témata:
Fyzický popis: 17 s.
Hudebniny Hudebniny
Uloženo v:
LEADER 00985ncm a22002532a 4500
001 000340907
003 CZ BrMZK
005 20110824062106.0
007 qu
008 010907s1963 xr f cze d
040 |a BOA001  |b cze  |c BOA002 
072 7 |a 784  |x Vokální hudba  |2 Konspekt  |9 9 
245 0 0 |a Malý zpěvníček lidových písní.  |n [Sv.] 2  |h [hudebnina] /  |c sestavila Dagmar Ledečová 
260 |a Praha :  |b Státní hudební vydavatelství,  |c 1963 
300 |a 17 s. 
490 1 |a Zpěvem k srdci ;  |v sv. 53 
500 |a Jednohlasý značkovaný zpěv 
700 1 |a Ledečová, Dagmar,  |d 1925-  |7 jn19990209474  |4 com 
830 0 |a Zpěvem k srdci 
910 |a BOA001  |b PK-A-0007.607,2  |b Mus1-0469.003,2 
964 |a Písně lidové české - zpěvníky 
990 |a MU 
996 7 |b 2619441001  |c Mus1-0469.003,2  |l MZK  |r Sklad / do 1 hodiny  |n 0  |w 000340907  |u 000020  |a 1  |e BOA001  |j MZK50  |s A 
996 7 |b 3119803410  |c PK-A-0007.607,2  |l MZK  |r Sklad / do 1 hodiny  |n 0  |w 000340907  |u 000010  |a 1  |e BOA001  |j MZK50  |s A